[Event "ISR-chT"]
[Site "Ramat Aviv"]
[Date "2000.03.10"]
[Round "5.1"]
[White "Manor, Ilan"]
[Black "Zilberman, Yaacov"]
[Result "1/2-1/2"]
[WhiteElo "2504"]
[BlackElo "2505"]
[Annotator "Huzman,A"]
[PlyCount "97"]
[EventDate "2000.01.14"]
[EventType "team"]
[EventRounds "11"]
[EventCountry "ISR"]
[SourceTitle "CBM 077"]
[Source "ChessBase"]
[SourceDate "2000.07.27"]
[SourceVersion "1"]
[SourceVersionDate "2000.07.27"]
[SourceQuality "1"]
[WhiteTeam "Tel Aviv Ironi"]
[BlackTeam "Herzliya"]
[WhiteTeamCountry "ISR"]
[BlackTeamCountry "ISR"]

1. d4 d5 2. c4 dxc4 3. Nf3 Nf6 4. Nc3 a6 5. e4 b5 6. e5 Nd5 7. Ng5 f6 8. Nge4 (
8. Qf3 e6 9. exf6 Qxf6 10. Nxd5 exd5 11. Qxd5 Bb4+ 12. Kd1 Nc6 13. Be3 Bf5 14.
Nf7 Rf8 15. Ne5 Nxe5 16. Qxa8+ Ke7 17. Qa7 Qc6 18. Bd2 Bg4+ 19. f3 Bxf3+ 20.
gxf3 Qxf3+ $11 {1/2-1/2 Groenn,A-Formanek,E/Gausdal 1991/TD (26)}) (8. Nh3 Bxh3
9. Qh5+ g6 10. Qxh3 Nb4 $17 {0-1 Edel,T-Bathke,J/Germany 1990/EXT 97-B (22)}) (
8. Nxd5 Qxd5 9. Be2 c6 10. Bf3 Qd8 11. exf6 exf6 12. Qe2+ Be7 13. Ne6 Bxe6 14.
Qxe6 Qd7 15. Qe2 O-O 16. O-O Ra7 17. a4 Rc7 18. Bd2 Bd6 19. axb5 axb5 $15 {
1-0 Rogers,I-Garcia Palermo,C/Dortmund 1985/MCL (34)}) (8. exf6 exf6 9. Qe2+
Be7 10. Qe4 c6 11. Ne6 Bxe6 12. Qxe6 Nb4 13. Be3 Nc2+ 14. Kd2 Nxa1 15. Be2 Qd7
16. Qe4 O-O 17. Rxa1 f5 {0-1 Clausen,S-Fridjonsson,J/Copenhagen 1985/MCD (17)})
8... Nc6 $1 {[%csl Rd4][%cal Gc6d4,Gd8d4]} 9. Be2 Ndb4 (9... fxe5 10. Nxd5 Qxd5
11. Bf3 $44) 10. a3 Nd3+ 11. Bxd3 cxd3 12. O-O f5 $1 (12... Qxd4 13. exf6 exf6
14. Qh5+ Kd8 15. Be3 $44 {[%cal Ga1d1,Gd1d8]}) 13. Ng5 (13. d5 fxe4 (13... Nxe5
14. Ng5 c5 15. Re1 $44) 14. dxc6 Bf5 15. Re1 (15. Be3 e6 16. f3 exf3 17. Qxf3
Be7 $17) 15... Qd4 16. e6 $44) 13... Nxd4 (13... Qxd4 14. Qf3 (14. e6 $5) 14...
Qc4 15. Rd1 $36) 14. Qxd3 e6 15. Ne2 (15. Rd1 c5 16. b4 Ra7 $1 $17) 15... c5 (
15... Nxe2+ 16. Qxe2 $36 {[%cal Gf1d1]}) 16. Rd1 Be7 (16... Nxe2+ 17. Qxe2 Qc7
18. Bf4) 17. Nxd4 cxd4 18. Qf3 (18. Nf3 $5 O-O (18... Qd5 19. Qe2) (18... Bb7
19. Nxd4 Qd5 20. Qg3) 19. Nxd4 $36 {[%csl Re6]}) 18... Ra7 19. Qh5+ (19. Be3
Bxg5 20. Rxd4 Rd7 21. Rxd7 Bxd7 22. Qh5+ g6 23. Qxg5 Qxg5 24. Bxg5 Bc6 (24...
h6) 25. Rc1 (25. Rd1 Bd5 $11) 25... Kd7) 19... g6 20. Qh6 Bf8 21. Qh4 Rd7 22.
Qg3 Rd5 (22... Qb6) 23. h4 Qd7 (23... d3 24. Bf4 (24. h5 d2) 24... h6 25. Nf3
Rg8 26. Rd2 g5 27. hxg5 hxg5 28. Nxg5 (28. Bxg5 Bh6 29. Bxd8 Rxg3 30. fxg3 Bxd2
31. Nxd2 Kxd8 $17) 28... Be7 29. Rc1 Bd7 $17) 24. Bf4 Bb7 25. Rac1 Be7 (25...
h6 26. Ne4 (26. Nf3 g5 (26... Rg8 27. Rd3 $132) (26... Kf7 27. Rxd4 Rxd4 28.
Nxd4 Qxd4 29. Rc7+ Be7 30. Rxb7 $14 g5 $140 31. Bxg5 hxg5 32. Qxg5 $18) 27.
hxg5 hxg5 28. Nxg5 (28. Bxg5 Qh7 29. Qh4 Qxh4 30. Bxh4 (30. Nxh4 Rg8 31. Rc7 (
31. Bf6 Rd7 $15) 31... Rg7 $15) 30... Rd7 31. Bf6 Rg8 32. Rxd4 Rxd4 33. Nxd4
Rxg2+ 34. Kf1 $11)) 26... fxe4 27. Qxg6+ Qf7 28. Qxf7+ Kxf7 29. Rc7+ Kg6 30.
Rxb7 d3 $17) 26. Nf3 Bd8 (26... O-O 27. h5 $40) 27. Bg5 O-O 28. h5 $44 Qg7 29.
Rxd4 Bxg5 30. Qxg5 gxh5 (30... Rxd4 31. Nxd4 Qxe5 32. Nc6 Bxc6 33. Rxc6 $36)
31. Rxd5 Bxd5 32. Rc7 $1 Qg6 33. Qxg6+ hxg6 34. Ng5 f4 35. Nh7 $11 Rf5 (35...
Rf7 $142 36. Nf6+ Kg7 37. Ne8+ Kf8 38. Rc8 $11) 36. Nf6+ Kf8 37. Ra7 h4 38. f3
h3 39. Kh2 (39. Rxa6 hxg2 40. Kxg2 Ke7 41. Ra7+ Kd8 $11) 39... hxg2 40. Kxg2
Rg5+ 41. Kf2 Rg3 42. Nxd5 exd5 43. Rxa6 Rh3 (43... Ke7 $1 44. Rb6 Rh3 45. Rxb5
Ke6 46. a4 Kxe5 47. a5 Rh2+ 48. Ke1 Kd4 49. a6 Rh1+ 50. Kf2 Ra1 51. Rb6 Ra2 52.
Ke2 g5 $132) 44. Rf6+ ({The White miss possibility to get big advantage by the
move} 44. Rxg6 $1 {because the pawn endgame after} Rh2+ 45. Rg2 Rxg2+ 46. Kxg2
Ke7 47. Kf2 Ke6 48. Ke2 Kxe5 49. Kd3 $18 {is winning for the White.}) 44... Ke7
45. Rxf4 Rh2+ 46. Ke3 Rxb2 $11 47. Rf6 g5 48. Rg6 Rb3+ 49. Kd4 (49. Kd4 Rxf3
50. Kxd5 Rd3+ $11) 1/2-1/2

[Event "FIDE World Cup"]
[Site "Khanty-Mansiysk"]
[Date "2005.12.02"]
[Round "2.3"]
[White "Mamedyarov, Shakhriyar"]
[Black "Najer, Evgeniy"]
[Result "1-0"]
[WhiteElo "2674"]
[BlackElo "2641"]
[Annotator "Huzman,A"]
[PlyCount "81"]
[EventDate "2005.11.27"]
[EventType "k.o."]
[EventRounds "7"]
[EventCountry "RUS"]
[SourceTitle "CBM 111"]
[Source "ChessBase"]
[SourceDate "2006.04.04"]
[SourceVersion "1"]
[SourceVersionDate "2006.04.04"]
[SourceQuality "1"]

1. d4 d5 2. c4 dxc4 3. Nf3 Nf6 4. Nc3 a6 5. e4 b5 6. e5 Nd5 7. a4 Bb7 8. e6
fxe6 9. Be2 {On having slowed Black's development on the previous move, White
is gradually bringing his pieces to the places best suited for an imminent
attack on the K} (9. Ne4 Nb4 (9... Nb6 10. Nc5 Bd5 11. Ne5 g6 12. Qg4 N8d7 13.
Qf4 Nf6 14. h4 Bg7 15. h5 $44 {1-0 Cramling,P-Karpatchev,A/Osterskars 1995/EXT
97 (28)}) (9... Ne3 10. fxe3 Bxe4 11. Ng5 Qd5 12. Nxe4 Qxe4 13. axb5 axb5 14.
Rxa8 Qxa8 15. Qh5+ $18 {1-0 Orsag,M-Taus,M/Trinec 1998/EXT 99 (51)}) (9... Nd7
10. Nfg5 e5 11. Ne6 Qc8 12. N6c5 Nxc5 13. Nxc5 exd4 14. Qxd4 e6 15. Nxb7 Qxb7
$17 {1-0 Neuman,P-Feoktistov,A/ECU-ch (57)}) 10. Nc5 (10. Neg5 Qd7 (10... Qd5
11. Be2 N8c6 12. Bd2 h6 13. axb5 axb5 14. Rxa8+ Bxa8 $17 {0-1 Blees,A-Osterman,
R/Portoroz 1995/CBM 46 ext (32)}) 11. Bd2 N8c6 12. axb5 axb5 13. Rxa8+ Bxa8 14.
b3 Nd3+ 15. Bxd3 cxd3 16. O-O Qd5 17. Qa1 Bb7 18. Rc1 $44 {1-0 Cooper,
J-Findlay,D/Ayr 1978/EXT 99 (25)}) 10... Bxf3 11. gxf3 N8c6 12. Nxe6 Qd6 13. d5
Qe5+ 14. Be3 Nd8 15. axb5 Nxe6 16. dxe6 Rd8 (16... Qxe6 17. Qa4 a5 18. Rc1
O-O-O 19. Bxc4 $18 {1-0 Ulanovski-Lubichich/CC URS-YUG 1990 (26)}) 17. Qa4 Qxb2
18. bxa6+ c6 19. Rc1 g6 20. Bxc4 Bg7 21. O-O {1-0 Gufeld,E-Kogan,B/Kiev 1964/
EXT 2003 (21)}) (9. Ng5 Nxc3 10. bxc3 Qd5 11. Qg4 Qf5 12. Be2 Kd7 13. Qg3 $16 {
0-1 Szemeti,A-Zalai,M/Budapest 2002/CBM 87 ext (61)}) (9. axb5 Nxc3 10. bxc3
axb5 11. Rxa8 Bxa8 12. Ne5 Qd5 13. Ng4 g6 14. Ne3 Qd6 15. Be2 Bg7 $17 {0-1
Hedman,E-Najer,E/Chania 1994/EXT 97 (23)}) (9. Ne5 Nxc3 10. bxc3 (10. Qh5+ g6
11. Nxg6 hxg6 12. Qxh8 Ne4 13. Bh6 Nd7 14. Qg8 Nd6 {1/2-1/2 Ikonnikov,
V-Zakharov,V/Tula 2000/EXT 2002 (14)}) 10... g6 11. axb5 axb5 12. Rxa8 Bxa8 13.
Bxc4 bxc4 14. Qa4+ Bc6 15. Nxc6 Qd7 16. Qa8 Qxc6 17. Qxb8+ Kf7 18. O-O Bg7 $15
{0-1 Florean,A-Fedorchuk,S/Calicut 1998/CBM 67 ext (40)}) (9. g3 Nb4 10. Be2
Nd3+ 11. Bxd3 cxd3 12. axb5 axb5 13. Rxa8 Bxa8 14. O-O b4 15. Ne5 bxc3 16. Qa4+
Bc6 17. Nxc6 Qd7 18. Qa8 Qxc6 19. Qxb8+ Kf7 20. bxc3 Qxc3 $15 {1/2-1/2 Genov,
P-Zhang Pengxiang/Cappelle la Grande FRA 2005/(74)}) 9... Nxc3 (9... c5 10.
dxc5 Nd7 11. axb5 axb5 12. Rxa8 Qxa8 13. Nxb5 Qa5+ 14. Nc3 Nxc3 15. bxc3 g6 16.
Qd4 Rg8 17. Qxc4 $16 {Soffer,R-Dao Thien Hai/Budapest 1993/CBM 37 ext/1/2-1/2 
(125)}) (9... g6 10. Ne4 Nf6 11. Nc5 Qc8 12. Nxb7 Qxb7 13. Ng5 Bh6 14. Bf3 c6
15. Nxe6 $18 {1-0 Then,A-Zahl,H/corr 1998/Corr 2002 (20)}) 10. bxc3 Qd5 11. Ng5
{White is changing his plan trying to take advantage of an untimely appearance
of the Q on "d5".} (11. Bf4 Nd7 12. Bxc7 g6 13. O-O Bg7 14. Re1 e5 15. Bxe5
Nxe5 16. dxe5 O-O $11 {1/2-1/2 Taimanov,M-Novopashin,A/Leningrad 1963/URS-ch 
(33)}) (11. O-O Nc6 12. Re1 (12. axb5 axb5 13. Rxa8+ Bxa8 14. Re1 g6 15. Ng5
Nxd4 16. Bf1 h6 17. cxd4 hxg5 18. Re5 Qd6 $17 {0-1 Mamedyarov,S-Zhang
Pengxiang/Dubai UAE 2005/The Week in Chess 544 (45)}) 12... g6 13. Nh4 Bg7 14.
axb5 axb5 15. Rxa8+ Bxa8 16. Bg4 e5 17. Bf3 Qd6 18. d5 Nd8 19. Be4 O-O 20. Bg5
Nf7 21. Nf3 e6 $19 {0-1 Cebalo,M-Zaja,I/Porec 1998/EXT 99 (29)}) 11... Qxg2 12.
Rf1 Bd5 13. axb5 (13. Bf4 b4 14. Bg4 h6 15. Bh3 Qxg5 16. Bxg5 hxg5 17. Bg4 Nc6
18. cxb4 Nxb4 19. Be2 Rh4 20. Rc1 Re4 21. Rc3 Nd3+ 22. Rxd3 cxd3 23. Qxd3 e5 {
1/2-1/2 Polugaevsky,L-Szabo,L/Budapest 1965/EXT 99 (23)}) 13... a5 {Black
can't let the N land on "e6", but now his pawn-structure is hopelessly ruined.}
(13... axb5 14. Rxa8 Bxa8 15. Bf4 g6 16. Nxe6 Na6 17. Qa1 Bb7 18. Qa5 Qc6 19.
d5 Qd7 20. Be5 Rg8 21. f4 $44 {1-0 Bronstein,D-Ljavdansky,V/Kiev 1964/URS-ch 
(42)}) (13... g6 $5 14. bxa6 Bh6 15. Nxe6 Bxc1 16. Nxc7+ Kd8 17. Nxd5 (17. Nxa8
Bb2 $17) 17... Qxd5 18. Qxc1 Rxa6 19. Rxa6 Nxa6 20. Qa3 Nc7 21. Qb4 $14 {
1/2-1/2 Vranesic,Z-Clarke,P/La Habana 1966/EXT 99/(50)}) 14. Bf4 (14. Bg4 $1
Qxh2 (14... c6 15. Bf4 h6 16. Bh3 Qxf1+ 17. Bxf1 hxg5 18. Bxb8 Rxb8 19. bxc6
$18) 15. Nxe6 Bxe6 16. Bxe6 $18) 14... h6 15. Bf3 (15. Bh5+ g6 (15... Kd7 16.
Bf3 Bxf3 17. Nxf3 Kd8 18. Rg1 Qh3 19. Ne5 $18) 16. Bxg6+ Kd7 17. Nf7 Rg8 18.
Qh5 Kc8 19. Ne5 Nd7 $132) 15... Bxf3 16. Qxf3 $1 {Once more, White is changing
his plan - he is heading for an endgame, where Black's pawn weaknesses will
fall an easy prey.} (16. Nxf3 g5 (16... Nd7 17. Bxc7 $16) 17. Bxc7 Bg7 18. Rg1
Qh3 19. Qe2 O-O 20. Rg3 Qf5 $16) 16... Qxf3 17. Nxf3 e5 (17... Kd8 18. Ne5 Kc8
19. Nxc4 $18) 18. Nxe5 g5 19. Bg3 a4 20. Nxc4 Nd7 21. Ke2 (21. Bxc7 $1 Rc8 22.
Be5 Nxe5 (22... Rxc4 23. Bxh8 Rxc3 24. Rxa4 Rb3 25. Ra5 e5 26. Ke2 $18) (22...
Rg8 23. Rxa4 $18) 23. Nxe5 Bg7 (23... Rxc3 24. Rxa4 $18) 24. Nc6 $18) 21... h5
22. Kd3 (22. Bxc7 Rc8 23. Be5 $18) 22... Ra7 23. Ra2 e6 (23... Bg7 $5 24. Rfa1
(24. f4 h4 25. Be1 Rf8 $132) 24... h4 25. Be5 Bxe5 26. Nxe5 Nxe5+ 27. dxe5 O-O
$132) 24. Rfa1 h4 25. Be5 Nxe5+ 26. Nxe5 a3 27. c4 Bd6 28. Ng4 (28. Nc6 Ra4 29.
h3 Rf8 30. c5 Rf3+ 31. Ke2 Rb3 32. cxd6 cxd6 $44) 28... Rf8 (28... Bb4 $5 29.
Ne5 (29. Re2 O-O 30. Raa2 Rf4 31. Ne5 Bd6 32. Nc6 Ra4 33. Kc3 Rf3+ 34. Re3 Rxf2
35. Rxf2 a2 36. Re1 a1=Q+ 37. Rxa1 Rxa1 $132) 29... Bd6 30. Nc6 Ra4 31. h3 Rf8
$1 32. c5 Rf3+ 33. Ke2 Rb3 34. cxd6 cxd6 $44) 29. c5 Be7 $2 (29... Rf3+ 30. Ke2
Rf4 31. h3 Be7 32. Rxa3 (32. Ke3 Ra4 33. Rxa3 Raxd4 34. Ra8+ Rd8 35. Rxd8+ Bxd8
36. Ne5 Rf5 37. Nd3 Be7 38. Rc1 $16) 32... Rxa3 33. Rxa3 Rxd4 34. Ra8+ Kf7 (
34... Rd8 35. Rxd8+ Kxd8 36. c6 $16) 35. Rc8 Rb4 36. Ne5+ Kf6 37. Nd7+ Kg6 38.
b6 cxb6 39. c6 Bd6 40. c7 Bxc7 41. Rxc7 Kf5 $16) 30. Ne5 $18 Ra5 31. Rxa3 Rxb5
32. Ra8+ Bd8 33. Rxd8+ (33. R1a6 $18) 33... Kxd8 34. Ra8+ Ke7 35. Ng6+ Kf7 36.
Nxf8 Rb3+ 37. Ke2 Rh3 38. Nd7 Rxh2 39. Ne5+ Ke7 40. Rc8 Rh1 41. Rxc7+ 1-0

[Event "Moscow Aeroflot op"]
[Site "Moscow"]
[Date "2002.02.07"]
[Round "5"]
[White "Filippov, Valerij"]
[Black "Ovetchkin, Roman"]
[Result "0-1"]
[WhiteElo "2625"]
[BlackElo "2483"]
[Annotator "Huzman,A"]
[PlyCount "78"]
[EventDate "2002.02.04"]
[EventType "swiss"]
[EventRounds "9"]
[EventCountry "RUS"]
[SourceTitle "CBM 088"]
[Source "ChessBase"]
[SourceDate "2002.03.21"]
[SourceVersion "1"]
[SourceVersionDate "2002.03.21"]
[SourceQuality "1"]

1. Nf3 d5 2. d4 Nf6 3. c4 dxc4 4. Nc3 c5 5. d5 e6 6. e4 exd5 7. e5 Nfd7 8. Bg5
Be7 9. Bxe7 Qxe7 10. Nxd5 Qd8 11. Qc2 Nb6 12. O-O-O Nxd5 13. Bxc4 Qe7 (13...
Be6 14. Bxd5 Bxd5 (14... Qe7 15. Bxe6 Qxe6 16. Qxc5 $18 {Lukacs,P-Pekarek,A/
Polanica Zdroj 1986/Inf 42 (22)}) 15. Qxc5 Na6 16. Qxd5 Qc8+ 17. Kb1 O-O 18.
Qe4 h6 19. Nd4 Nc5 20. Qc2 $18 {1-0 Kasparov,G-Diani,J/Cordoba 1992/EXT 98 (52)
}) (13... O-O {-the main continuation.}) 14. Rxd5 (14. Bxd5 Nc6 (14... O-O 15.
h4 Na6 16. Ng5 g6 17. Qc4 Nc7 18. f4 Nxd5 19. Qxd5 Bg4 20. Qd6 Qxd6 21. Rxd6
Rad8 22. Ne4 Kg7 23. Re1 b6 24. Re3 Bf5 25. Rxd8 Rxd8 26. Nd6 Be6 27. Rd3 Rf8
28. b3 f6 $132 {1/2-1/2 Polajzer,D-Sermek,D/Ptuj 1995/EXT 2000 (40)}) 15. Bxc6+
bxc6 16. Rd6 Be6 17. Qxc5 O-O 18. Rxc6 Qb7 19. Kb1 Rab8 20. Qc3 Rfd8 21. Rc7
Qa6 22. a3 Rd3 23. Rxa7 Qb6 {0-1 Hynes,K-Ryan,J/Kilkenny 1997/CBM 61 ext (23)})
14... Nc6 (14... O-O $5 15. Bd3 $1 (15. Rxc5 Bf5 16. Qc3 b6 17. Rd5 Rc8 $44)
15... Na6 16. a3 Be6 17. Bxh7+ (17. Rd6 h6 18. Rd1 $14) 17... Kh8 18. Rd6 g6
19. Bxg6 fxg6 20. Qxg6 Bf5 21. Qh5+ Bh7 22. Rhd1 $44) 15. Rxc5 (15. Bb5 Be6 16.
Rxc5 O-O 17. Bxc6 bxc6 $44) 15... O-O 16. Qc3 (16. Bd3 $5 Nb4 17. Bxh7+ Kh8 18.
Rc7 Qd8 19. Rd1 Nxc2 20. Rxd8 Rxd8 21. Bxc2 $44) 16... Bf5 17. b3 (17. Rd1 Rac8
18. Rd6 Nb8 $1 $44 {[%cal Yc8c1]}) 17... Rac8 18. Kb2 Nb4 $44 19. Rxc8 Rxc8 {
[%cal Yb7b5]} 20. Rd1 Be6 (20... b5 21. Nd4 Bg4 (21... Bd7 22. Nxb5 Bxb5 23.
Bxf7+ Kxf7 24. Qxc8 Qxe5+ 25. Qc3 $11) 22. f3 bxc4 23. fxg4 Qb7 24. bxc4 Nd5+
25. Qb3 Nb6 26. Ka1 $11) 21. Rd6 (21. Nd4 $5 Bxc4 22. bxc4 Qc5 23. e6 $36)
21... b5 22. Qxb4 bxc4 $17 {The insecure position of the opponent's K provides
Black with more than sufficient compensation for his own pawn disadvantage} 23.
Rb6 (23. Nd4 c3+ 24. Kb1 Qg5 $17) 23... Qd8 24. Rd6 Qc7 25. Qc3 Qc5 26. Rd2 Qb6
{[%csl Rb2]} 27. b4 (27. Rc2 Bf5 28. Rc1 Qxf2+ 29. Ka1 h6 $17) 27... a5 28. a3
axb4 29. axb4 Qb7 30. Nd4 Qxg2 31. f3 Qg1 32. Nc2 (32. Nxe6 fxe6 $17) 32... h6
33. Na3 Bf5 34. b5 Qc5 35. Rd6 Be6 36. Ra6 $2 Rd8 $19 37. Qa5 Qxe5+ 38. Qc3
Rd2+ 39. Nc2 Qxb5+ 0-1

[Event "BCF-ch 89th"]
[Site "Torquay"]
[Date "2002.08.07"]
[Round "9"]
[White "Ward, Christopher"]
[Black "Ganguly, Surya Shekhar"]
[Result "0-1"]
[WhiteElo "2498"]
[BlackElo "2524"]
[Annotator "Huzman,A"]
[PlyCount "112"]
[EventDate "2002.07.29"]
[EventType "swiss"]
[EventRounds "11"]
[EventCountry "ENG"]
[SourceTitle "CBM 091"]
[Source "ChessBase"]
[SourceDate "2002.11.12"]
[SourceVersion "1"]
[SourceVersionDate "2002.11.12"]
[SourceQuality "1"]

1. d4 d5 2. c4 dxc4 3. Nf3 Nf6 4. Nc3 a6 5. e4 b5 6. e5 Nd5 7. a4 e6 8. axb5
Nb6 9. b3 Bb4 10. Bd2 Bb7 (10... cxb3 11. Qxb3 a5 12. Be2 Bb7 13. O-O O-O 14.
Qc2 h6 15. Rfc1 c6 16. Ne4 cxb5 17. Bxh6 Bxe4 18. Qxe4 gxh6 19. Bd3 f5 20. exf6
Ra7 21. Qg6+ Kh8 22. Qxh6+ Kg8 23. Qg6+ Kh8 24. Qh5+ Kg8 25. Qg4+ Kh8 26. Qh3+
Kg8 27. Qxe6+ Rff7 28. Bg6 $13 {1/2-1/2 Sulava,N-Rowson,J/Pula CRO 2002/(43)})
11. bxa6 Bxf3 12. Qxf3 Qxd4 13. Bxc4 (13. a7 O-O 14. Bxc4 Rxa7 15. Rxa7 Nxc4
16. bxc4 Qxa7 $15 {[%csl Rc4,Re5]}) 13... O-O 14. Qe3 $1 (14. Be2 Nd5 15. Ra4
Nc6 $17) 14... Qxe3+ 15. fxe3 Nxc4 16. bxc4 Rxa6 17. Rxa6 Nxa6 18. Ke2 $11 {
/=/+} Nb8 19. Nd5 $1 Bxd2 (19... exd5 20. Bxb4 c5 21. Bxc5 Rc8 22. Bd6 dxc4 $11
) 20. Ne7+ Kh8 21. Kxd2 Nd7 22. Nc6 f6 $6 (22... Ra8 $11) 23. exf6 Rxf6 $11 24.
Ke2 (24. Ra1 h5 25. Ra7 Rf2+ 26. Kd3 Rxg2 27. Rxc7 $14) 24... h5 25. Rd1 Nb6
26. Rc1 Kh7 27. c5 Nd5 28. g3 Rf5 29. Rc4 (29. e4 $18) 29... Rg5 30. e4 Nf6 31.
Nd8 h4 32. Nxe6 Re5 33. Nxc7 Nxe4 34. Rc1 Re7 35. Kf3 $4 {[%mdl 8192]} (35. Na8
Nxc5+ 36. Kf3 $11) 35... Nd2+ 36. Kg4 Rxc7 $17 37. Kxh4 Nb3 38. Rc3 Nxc5 39. g4
Ne6 40. Rxc7 Nxc7 41. Kg5 Ne6+ 42. Kf5 Nd4+ 43. Ke4 Ne2 44. h4 Kg6 45. Ke5 Nc3
46. Kd4 Nd1 47. Ke5 Nf2 48. Kf4 Kf6 49. g5+ $6 (49. Kf3 Nd3 50. Ke4 $17) 49...
Ke6 50. Kf3 (50. h5 Nd3+ 51. Ke3 Ne5 52. Ke4 Nf7 53. Kf4 Nd6 54. h6 g6 $19)
50... Nd3 51. Ke4 Ne5 52. h5 Nf7 53. Kf4 Nd6 54. Kg4 Ke5 55. g6 Nf5 56. Kg5 Nh6
0-1

[Event "Capablanca Memorial Elite 33rd"]
[Site "Havana"]
[Date "1998.05.10"]
[Round "3"]
[White "Bacrot, Etienne"]
[Black "Zilberman, Yaacov"]
[Result "0-1"]
[WhiteElo "2565"]
[BlackElo "2555"]
[Annotator "Huzman,A"]
[PlyCount "72"]
[EventDate "1998.05.07"]
[EventType "tourn"]
[EventRounds "11"]
[EventCountry "CUB"]
[EventCategory "12"]
[SourceTitle "CBM 065"]
[Source "ChessBase"]
[SourceDate "1998.08.06"]
[SourceVersion "1"]
[SourceVersionDate "1998.08.06"]
[SourceQuality "1"]

1. d4 d5 2. Nf3 Nf6 3. c4 dxc4 4. Nc3 a6 5. e4 b5 6. e5 Nd5 7. a4 e6 8. axb5
Nb6 9. Be2 Bb7 10. bxa6 Rxa6 (10... Nxa6 11. O-O $14) 11. Rxa6 Nxa6 12. O-O Be7
13. Bxc4 (13. b3 cxb3 14. Qxb3 O-O $11 {[%cal Ya6b4]}) (13. Be3 Nb4 $11) 13...
Nxc4 14. Qa4+ Qd7 15. Qxc4 Nb4 $44 16. Rd1 O-O 17. Bg5 (17. Qe2 Ra8 $44) 17...
Bxf3 18. Bxe7 Qxe7 19. gxf3 Rd8 {[%csl Rg1][%cal Yb4d5,Yd5f4]} 20. Kf1 h6 21.
Ke2 Nd5 22. Nxd5 Rxd5 23. Rd3 Qd8 24. b4 Qb8 $11 {[%cal Yb8b6]} 25. Ra3 $2 {
[%tqu "En","Find strong tactical possibility for black.","","","c7c5","",10]}
c5 $1 26. dxc5 Qxe5+ 27. Re3 (27. Kf1 Qxh2 $40) 27... Qb2+ 28. Kf1 Rd4 (28...
Rd1+ 29. Re1 (29. Kg2 Qb1 30. Kh3 Rd5 $44 {[%csl Rh3]}) 29... Rd4 30. Qb5 Rd2
31. Re2 $11 Qb1+ 32. Re1 Qc2 {-see game.}) 29. Qb5 Rd2 30. Re2 Qb1+ 31. Re1 Qc2
32. Qb8+ Kh7 33. Qf4 $4 (33. Qg3 Qc4+ 34. Kg1 Rd5 (34... Qxb4 $17) 35. Kh1 Rg5
36. Qd6 Qxb4 $17 {/-+}) 33... Rxf2+ 34. Kg1 Rg2+ 35. Kh1 Qf2 $19 {[%cal Yg2g6,
Yf2g2]} 36. Qe4+ Rg6 0-1